LEADER 00715nam a2200181 i 4500 001 000000183601 003 CaOOAMICUS 005 20250227142706.0 008 091119s1913 fr u000 u fre u 013 $a161569 040 $aSeMil$bita 245 10$a8: Les vertus et les vices. 300 $aVIII, 831 p. ;$c26 cm. 773 0 $aPègues, Thomas $tCommentaire français littéral de la Somme théologique de saint Thomas d'Aquin.$dToulose : Edouard Privat ; Paris : Téqui, 1907-1931.$g8$w()22497 850 $aSeMil 852 $aSeMil$W1$xVenegono$y1$m2B VI 83$j134301$B134301$CSeMilBibl$Z2$F145925 $81 996 $6245$a8: Les vertus et les vices$9(OLS)http://semarc/title/452693 LEADER 00410nab a2200145 i 4500 001 000000289057 003 CaOOAMICUS 005 20190415111540.0 008 160526n xx uu u0 0und r 013 $a43608 040 $aSeMil$bita 245 10$aMaggio-Agosto. 773 0 $tAnno 2015.$dRoma : Soc. Ed. Dante Alighieri, 2015.$w()249504 996 $6245$aMaggio-Agosto$9(OLS)http://semarc/title/340336